000 00665nam a2200253Ia 4500
003 OSt
005 20221005043043.0
006 a|||||r|||| 00| 0
007 ta
008 221004b |||||||| |||| 00| 0 eng d
024 _a36952
037 _cTextual
040 _aCRL
_cCRL
_beng
041 _2eng
_aeng
082 _aOv5:M0, E3;1
100 _aOmond T S
_952349
245 0 _aRomentic triumph
260 _aEdinburgh
_bWilliam Blackwood
_c1913
300 _axiii, 408p
_ccm.
490 _aPeriods of European Literature
650 _aENGLISH LITERATURE
942 _hOv5:M0, E3;1
_cTEXL
_2cc
999 _c951250
_d951250